000 00418nam a2200205Ia 4500
001 13813
003 GE_BSU
008 181216s||||||||xx |||||||||||||| ||und||
020 _a009925189
040 _cGE_BSU
080 _a821.111-3
100 _aReichs,Kathy.
245 _aDeja Dead.
260 _aLondon.
260 _bArrow.
260 _c1997
300 _a522p;18cm.
653 _aDeja Dead.
942 _cBK
999 _c46959
_d46959